000
00330nam a2200145Ia 4500
005
20251222153549.0
008
251222s9999||||xx |||||||||||||| ||spa||
020
_a
8466618775
082
_a
863.64/F15
100
_a
Fajardo, José Manuel
245
0
_a
El Converso
250
_a
1ra.ed.
264
_b
Ediciones. B
942
_c
LIB
999
_c
30770
_d
30770